000 01313nam a2200205Ii 4500
003 JO-AjNU
008 230605s9999||||xx |||||||||||||| ||und||
017 _a2000/1/99
040 _aJO-AjNU
_bara
_erda
_cJO-AjNU
041 _aara
050 1 4 _aDS154.53.W37 2000
100 3 _aعبدالله بن الحسين بن علي، ملك الأردن، 1988 - 1951؛ اشراف البخيت، محمد عدنان، جمع وإعداد محمد عدنان البخيت، جمع وإعداد هند غسان أبو الشعر، جمع وإعداد نوفان رجا السوارية، جمع وإعداد بكر خازر المجالي,
_eauthor
_955863
245 0 0 _aالوثائق الهاشمية: أوراق عبدالله بن الحسين : خط التابلاين خط أنابيب البترول عبر البلاد العربية 1365--هجري/1946م 1370هجري/1951م، مج 14، القسم 1
264 3 1 _aالمفرق: جامعة ال البيت، 2000
300 _aمج 14، القسم 1 ، 621ص
336 _atext
_btxt
_2rdacontent
337 _aunmediated
_bn
_2rdamedia
338 _avolume
_bnc
_2rdacarrier
650 4 _aالاردن - تاريخ - الملك عبدالله بن الحسين الاول - خط أنابيب البترول عبر البلاد العربية 1946-1951 م
_955864
999 _aA24944
_c28512
_d28512